LDR 00762naa#a2200181#i#450# 001 EN\RIOR\bibl\126048 005 20260629043528.1 011 ## _a2409-6024 100 ## _a20260530b2026####ek#y0engy0150####ca 102 ## _aRU 200 1# _aTheoretical issues of increasing the effectiveness of local government in Russia _eJournal article 210 1# _aMoscow _cPublishing Center RIOR _d2026 215 ## _a24 с. 608 ## _aJournal article _2local 675 ## _aЭкономика. Народное хозяйство. Экономические науки. 33 _z 686 ## _aТерриториальная структура экономики. Региональная и городская экономика. 06.61 _2grnti 700 #1 _aSyrov _gAndrey Nikolaevich 856 4# _arusjm.ru _u